00776nam a2200229 a 450000500170000000800410001704000250005804100080008304400070009110000210009824501980011926000320031730000240034965000180037365000360039165000110042765000250043865000320046365000140049566200130050970000240052220200104041532.0140305b1996 ck ||||| |||| 00| 0 spa d aCO-BoIAVHcCO-BoIAVH aspa ack1 aBarahona, Sandra1 aEstado, distribución, sistemática y conservación de los Crocodylia colombianos, III bCon Énfasis en el Caimán del Magdalena (Cocodylus Acutus) en los Ríos Sínu, Man, Mira y Patia aBogotábMinambientec1996 a78 Paginasb27 x 22 aSistemática14aConservación de biodiversidad14aCensos14aDensidad poblacional14aDistribución geográfica14aHábitat aColombia aMartínez, Aleyda